[Event "Thessaloniki-Chalkidiki-chT"]
[Site "Thessaloniki"]
[Date "2022.03.20"]
[Round "5"]
[White "Pantziarelas, Georgios Dimitrios"]
[Black "Karakotsios, Konstantinos"]
[Result "1-0"]
[WhiteElo "1552"]
[BlackElo "1307"]
[PlyCount "91"]
[EventDate "2022.02.20"]
[EventType "team-tourn"]
[EventRounds "7"]
[EventCountry "GRE"]
[SourceTitle "EXT 2024"]
[Source "ChessBase"]
[SourceDate "2023.10.10"]
[SourceVersion "1"]
[SourceVersionDate "2023.10.10"]
[SourceQuality "1"]

1. e4 e6 2. d4 d5 3. exd5 exd5 4. Bd3 Bd6 5. Ne2 Nc6 6. c3 Nge7 7. Bf4 Bf5 8. Bxf5 Nxf5 9. Qb3 Bxf4 10. Nxf4 Nfe7 11. Nd2 0-0 12. 0-0 Qd6 13. Nd3 b6 14. Rfe1 Rfe8 15. Re2 Ng6 16. Rae1 Qd7 17. Rxe8+ Rxe8 18. Rxe8+ Qxe8 19. Qxd5 Qe2 20. Qxc6 Qxd2 21. Qe8+ Nf8 22. Qe3 Qd1+ 23. Ne1 Qb1 24. Qe2 Qxa2 25. Nd3 Qb1+ 26. Qf1 Qc2 27. g3 Ne6 28. Kg2 c5 29. d5 c4 30. Nb4 Qxb2 31. Qxc4 Nc5 32. d6 h6 33. Qd4 a5 34. Nd3 Qb5 35. Qd5 Qd7 36. Nxc5 bxc5 37. Qxc5 Qd8 38. Qc7 Qe8 39. d7 Qe4+ 40. Kf1 Qh1+ 41. Ke2 Qe4+ 42. Kd2 Qd5+ 43. Kc1 Qh1+ 44. Kb2 Qxh2 45. d8Q+ Kh7 46. Qd3+ 1-0